Computer-aided instructional material in science for children with intelectual disabilities (Record no. 74556)
[ view plain ]
| 000 -LEADER | |
|---|---|
| fixed length control field | 03005nam a22002897i 4500 |
| 003 - CONTROL NUMBER IDENTIFIER | |
| control field | URS |
| 003 - CONTROL NUMBER IDENTIFIER | |
| control field | URS |
| 005 - DATE AND TIME OF LATEST TRANSACTION | |
| control field | 20240416181554.0 |
| 008 - FIXED-LENGTH DATA ELEMENTS--GENERAL INFORMATION | |
| fixed length control field | 170208b xxu||||| |||| 00| 0 eng d |
| 040 ## - CATALOGING SOURCE | |
| Original cataloging agency | URS |
| Language of cataloging | eng |
| Description conventions | rda |
| 041 ## - LANGUAGE CODE | |
| Language code of text/sound track or separate title | eng |
| 050 00 - LIBRARY OF CONGRESS CALL NUMBER | |
| Classification number | LB 1043.5 |
| Item number | .C740 2015 |
| 245 ## - TITLE STATEMENT | |
| Title | Computer-aided instructional material in science for children with intelectual disabilities |
| Statement of responsibility, etc. | Reynalyn Apple A. Terrazola... [et al.]. |
| 260 ## - PUBLICATION, DISTRIBUTION, ETC. | |
| Date of publication, distribution, etc. | 2015 |
| 300 ## - PHYSICAL DESCRIPTION | |
| Extent | 51 leaves : |
| Other physical details | illustrations ; |
| Dimensions | 28 cm. |
| 336 ## - CONTENT TYPE | |
| Content type term | text |
| Content type code | txt |
| Source | rdacontent |
| 337 ## - MEDIA TYPE | |
| Media type term | unmediated |
| Media type code | n |
| Source | rdamedia |
| 338 ## - CARRIER TYPE | |
| Carrier type term | volume |
| Carrier type code | nc |
| Source | rdacarrier |
| 502 ## - DISSERTATION NOTE | |
| Degree type | Thesis (Bachelor of Science in Elementary Education major in Special Education) -- University of Rizal System-Morong. |
| 520 ## - SUMMARY, ETC. | |
| Summary, etc. | Executive Summary: This study developed computer - aided instructional material in Science for children with intellectual disabilities to determine their level of performance in Science with the aid of the developed material as well as its level of acceptability. This study was conducted at Binangonan Elementary School - Special Education Center, Binangonan, Rizal during the 2nd Semester of 2015. The researchers used a modified questionnaire-checklist which included variables such as objectives, contents, language and style, and graphics and sounds. To determine the level of acceptability of the developed computer-aided instructional material for children with intellectual disabilities as perceived by the two groups of respondents in terms of objectives, contents, language and style, and graphics and sounds, weighted mean was utilized; to determine the level of performance in Science of pupils with intellectual disabilities, mean and standard deviation were used. The findings revealed that the developed instructional material was very much accepted by having obtained an average mean of 4.4 and 4,7 as evaluated by the Sped teachers and IT experts respectively. The level of performance of children with intellectual disabilities after exposure to computer-aided instructional material obtained a mean of 4.8 and verbally interpreted as "Proficient" with standard deviation of 2.19. It was concluded that the developed computer-aided instructional material in Science for children with intellectual disabilities is very much accepted by the two groups of respondents and can be utilized by teachers to enhance performance in Science of children with intellectual disabilities. Based on the findings and conclusion of the study, the researchers recommend to utilize the computer-aided instructional material and to conduct further study on other topics in Science for children with intellectual disabilities. |
| 650 ## - SUBJECT ADDED ENTRY--TOPICAL TERM | |
| Topical term or geographic name entry element | Teaching -- Aids and devices. |
| 700 1# - ADDED ENTRY--PERSONAL NAME | |
| Personal name | De Ungria, Everlyn Mae O. |
| Relator term | author |
| 700 1# - ADDED ENTRY--PERSONAL NAME | |
| Personal name | Cabacungan, Ethel Rose C. |
| Relator term | author |
| 700 1# - ADDED ENTRY--PERSONAL NAME | |
| Personal name | Espiritu Santo. Zashleyfey S. |
| Relator term | author |
| 856 ## - ELECTRONIC LOCATION AND ACCESS | |
| Materials specified | Online Request for Student Unpublished Works |
| Uniform Resource Identifier | <a href="https://forms.gle/7LqvGGkaDrUQqz429">https://forms.gle/7LqvGGkaDrUQqz429</a> |
| 942 ## - ADDED ENTRY ELEMENTS (KOHA) | |
| Source of classification or shelving scheme | Library of Congress Classification |
| Koha item type | Theses and dissertations |
No items available.